000 00453nam a2200181Ia 4500
005 20240823011438.0
008 240823s9999||||xx |||||||||||||| ||und||
041 _aENGLISH
082 _A005.8 P0
100 _a"Brown,Steven"
245 0 _aImplementing Virtual Private Networks
250 _a1st
260 _c2000
_b"TMH,New Delhi"
500 _aTRANSFERED
650 _aComputer Science
_bComputer Applications
942 _cBK
999 _c161554
_d161554